Ευρωπαϊκές Πρωτεύουσες με Χάρτη - Statistics

General Stats
  • This quiz has been taken 118 times
  • The average score is 31 of 45
Answers on the Map
Answers color-coded by a green-red scale on the quiz's map according to % correct below.
 
Answer Stats
Χώρα Πρωτεύουσα % Correct
Γαλλία Παρίσι
98%
Ελλάδα Αθήνα
96%
Ηνωμένο Βασίλειο Λονδίνο
93%
Νορβηγία Όσλο
93%
Ιταλία Ρώμη
93%
Γερμανία Βερολίνο
91%
Ισπανία Μαδρίτη
89%
Αλβανία Τίρανα
87%
Πορτογαλία Λισαβόνα
85%
Βουλγαρία Σόφια
83%
Ρωσία Μόσχα
81%
Ολλανδία Άμστερνταμ
80%
Αυστρία Βιέννη
80%
Ρουμανία Βουκουρέστι
80%
Βέλγιο Βρυξέλες
78%
Σουηδία Στοκχόλμη
78%
Τσεχία Πράγα
76%
Πολωνία Βαρσοβία
74%
Σερβία Βελιγράδι
74%
Ουγγαρία Βουδαπέστη
74%
Φινλανδία Ελσίνκι
74%
Μάλτα Βαλέτα
72%
Ιρλανδία Δουβλίνο
72%
Ουκρανία Κίεβο
72%
Ελβετία Βέρνη
70%
Κροατία Ζάγκρεμπ
70%
Βατικανό Βατικανό
65%
Λουξεμβούργο Λουξεμβούργο
63%
Λευκορωσία Μινσκ
63%
Εσθονία Τάλιν
63%
Άγιος Μαρίνος Άγιος Μαρίνος
61%
Λιθουανία Βίλνιους
61%
Ισλανδία Ρέικιαβικ
61%
Λετονία Ρίγα
61%
Βόρεια Μακεδονία Σκόπια
59%
Μονακό Μονακό
57%
Σλοβενία Λιουμπλιάνα
52%
Σλοβακία Μπρατισλάβα
52%
Μαυροβούνιο Ποντγκόριτσα
52%
Βοσνία και Ερζεγοβίνη Σαράγεβο
52%
Δανία Κοπενχάγη
48%
Μολδαβία Κισινάου
46%
Ανδόρα Ανδόρρα Λα Βέλια
41%
Λίχτενσταϊν Βαντούζ
39%
Κόσοβο Πρίστινα
37%
No matching quizzes found
Score Distribution
Percent of People with Each Score
Percentile by Number Answered
Your Score History
You have not taken this quiz